| 000 | 00567nam a2200193Ia 4500 | ||
|---|---|---|---|
| 003 | GCL | ||
| 008 | 140319s9999 xx 000 0 ara d | ||
| 040 |
_aGCL / _cGCL |
||
| 082 | 0 | 4 |
_a574.92 _bا ث |
| 100 | 1 | _aانور عبدالعليم | |
| 245 | 1 | 0 |
_aثروتنا المائية / _cانور عبدالعليم |
| 300 | _a137 ص | ||
| 490 |
_aالمكتبة الثقافية _v0 |
||
| 650 | 0 | 4 | _aالصيد |
| 650 | 0 | 4 | _aالثروة المائية |
| 650 | 0 | 4 | _aالثروة المائية - مصر |
| 650 | 0 | 4 | _aالاسماك, انواع |
| 942 |
_2ddc _cBK |
||
| 999 |
_c47090 _d47090 |
||